U.S. Presidents by Quote - Statistics

General Stats
  • This quiz has been taken 106 times
  • The average score is 8 of 10
Answer Stats
Quote Prez % Correct
"Mr. Gorbachev, tear down this wall!" Ronald Reagan
97%
"Terrorist attacks can shake the foundations of our biggest buildings, but they cannot touch the freedom of America." George W. Bush
94%
"Ask not what your country can do for you, but what you can do for your country." John F. Kennedy
92%
"I am not a crook." Richard M. Nixon
89%
"The only thing we have to fear is fear itself" Franklin D. Roosevelt
88%
"Read my lips: No New Taxes!" George H.W. Bush
81%
"A house divided against itself cannot stand." Abraham Lincoln
80%
"Speak softly and carry a big stick." Theodore Roosevelt
76%
"The Constitution is the guide that I will never abandon." George Washington
57%
"If you have a mother-in-law with only one eye and she has it in the middle of her forehead, don't keep her in the living room." Lyndon B Johnson
31%
No matching quizzes found
Score Distribution
Percent of People with Each Score
Percentile by Number Answered
Your Score History
You have not taken this quiz